Pokédex de A à Z - Statistiques

Statistiques générales
  • Ce quiz a été pris 38 fois
  • Le résultat moyen est 20 sur 26
Statistiques - réponses
Lettre Pokédex Réponse % Correct
A Pokémon Y : "Aussi insaisissable qu'un ninja, il se joue de ses ennemis grâce à sa célérité, et les tranche de ses Sheauriken." Amphinobi
100%
G Pokémon Platine : "Sa grande violence lui a valu d'être banni. Il observe les hommes en silence depuis le Monde Distorsion." Giratina
100%
M Pokémon Bleu : "Il est capable de copier le code génétique d'un ennemi pour se transformer en son double." Métamorph
100%
N Pokémon Rouge : "Souvent pris pour des oeufs, ils attaquent en groupe comme un essaim." Nœunœuf
100%
R Pokémon Rouge Feu : "[Nom] n'est pas satisfait tant qu'il n'a pas avalé ses 400 kilos de nourriture quotidienne. Dès qu'il a fini de manger, il commence une sieste pour digérer." Ronflex
100%
E Pokémon Rouge : "L'oiseau légendaire de la foudre. Il surgit hors des nuages en lançant d'énormes éclairs." Électhor
97%
J Pokémon Rubis : "Une légende raconte qu'à son réveil, [Nom] réalise n'importe quel souhait inscrit sur les papiers collés sur sa tête. Si ce Pokémon se sent en danger, il se défend sans même se réveiller." Jirachi
97%
B Pokémon Rubis : "Au combat, [Nom] envoie des flammes ardentes de ses poignets. Il fait preuve d'un courage exceptionnel. Plus l'ennemi est puissant, plus les poignets de ce Pokémon sont ardents." Braségali
91%
H Pokémon Y : "Il a la faculté de téléporter les choses en les faisant passer au travers de ses anneaux. Il envoie les objets qui lui plaisent dans une cachette connue de lui seul." Hoopa
91%
X Pokémon X : "On dit que ce Pokémon immortel peut offrir ses forces vitales. Il a été ranimé après avoir passé 1 000 ans endormi sous la forme d'un arbre." Xerneas
91%
W Pokémon Rubis : "[nom] est le plus grand Pokémon découvert à ce jour. Ce Pokémon géant nage lascivement dans les grandes étendues maritimes, avalant d'énormes quantités de nourriture en une seule de ses monstrueuses bouchées." Wailord
88%
Z Pokémon X : "Lorsque l'écosystème de Kalos est menacé, ce Pokémon apparaît et utilise son mystérieux pouvoir." Zygarde
88%
D Pokémon Saphir : "[Nom] était à l'origine un virus provenant de l'espace. Il est extrêmement intelligent et dispose de pouvoirs télékinésiques. Ce Pokémon envoie des lasers avec l'organe cristallin situé sur sa poitrine." Deoxys
85%
K Pokémon Ultra-Soleil : "Le corps de cette Ultra-Chimère semble fin comme du papier, mais il est aussi tranchant qu'un sabre affûté." Katagami
79%
Q Pokémon Argent : "Son corps est recouvert de pics provenant de ses écailles. Ils sécrètent un poison étourdissant." Qwilfish
79%
S Pokémon Perle : "Il fut emprisonné dans la fissure d'une clé de voûte étrange en guise de punition il y a 500 ans." Spiritomb
79%
C Pokémon Diamant : "Ses ailes libèrent un rideau de particules brillantes. Ce Pokémon symboliserait le croissant de lune." Cresselia
76%
V Pokémon Y : "Il évacue la vapeur qui s'accumule à l'intérieur de son corps par les bras situés sur son dos. Ce jet est assez puissant pour raser des montagnes." Volcanion
71%
L Pokémon Bouclier : "Il paraît que les Fantyrm installés dans ses cornes attendent impatiemment le moment où ils seront propulsés à la vitesse du son." Lanssorien
68%
F Pokémon Violet : "Ce Pokémon s'empare de tout ce qu'il convoite en maniant sans effort son marteau de plus de 100 kg et ramène son butin chez lui." Forgelina
59%
O Pokémon Écarlate : "Son type change selon le masque qu'il porte. Son agilité et ses coups de pied habiles lui permettent de malmener ses adversaires." Ogerpon
59%
I Pokémon Violet : "Il rappelle un ancêtre de Raikou qui a brièvement fait parler de lui quand il a été mentionné dans une revue sur les phénomènes paranormaux." Ire-Foudre
56%
P Pokémon Bouclier : "Quand il s'énerve, il se jette corps et thé dans la bouche de son ennemi. Si ce dernier l'avale, il sera pris de terribles tremblements." Polthégeist
50%
U Légendes Pokémon Arceus : "Je pense que ce sont les étendues marécageuses de Hisui qui ont doté ce Pokémon d'un corps robuste et d'une aptitude à manipuler la tourbe." Ursaking
50%
T Pokémon Écarlate : "Sa salive toxique change de couleur selon son alimentation. Il en enduit ses doigts pour dessiner des motifs sur les arbres de la forêt." Tag-Tag
47%
Y Pokémon Écarlate: "Ce Pokémon manipule des flammes à 3 000°C. Il nage tranquillement dans une mer de magma qu'il a créée en faisant fondre de la roche et du gravier." Yuyu
29%
Aucun quiz correspondant
Distribution des résultats
% des personnes avec chaque résultat
Percentile par nombre de réponses
Votre historique - résultats
Vous n’avez pas pris ce quiz